[Event "African Online-ch Open 2021"]
[Site "Online"]
[Date "2021.02.01"]
[Round "5.21"]
[White "Singe, Philip Mbawala"]
[Black "Monaheng Motlomelo"]
[Result "1-0"]
[WhiteElo "1857"]
[BlackElo "1538"]
[Annotator "NA RC"]
[PlyCount "117"]
[EventDate "2021.02.01"]
[EventType "swiss"]
[EventCountry "NET"]
[SourceTitle "playchess.com"]
[Source "ChessBase"]
[SourceQuality "1"]
[TimeControl "1500+10"]

1. e4 {[%emt 0:00:07]} e5 {[%emt 0:00:06]} 2. Nf3 {[%emt 0:00:05]} Nc6 {[%emt 0:00:08]} 3. d4 {[%emt 0:00:03]} exd4 {[%emt 0:00:04]} 4. Bc4 {[%emt 0:00:03]} Be7 {[%emt 0:00:06]} 5. c3 {[%emt 0:00:04]} d6 {[%emt 0:00:16]} 6. cxd4 {[%emt 0:00:03]} Nf6 {[%emt 0:00:06]} 7. Nc3 {[%emt 0:00:03]} O-O {[%emt 0:00:06]} 8. O-O {[%emt 0:00:05]} a6 {[%emt 0:00:06]} 9. h3 {[%emt 0:00:02]} Bd7 {[%emt 0:00:09]} 10. Re1 {[%emt 0:00:19]} b5 {[%emt 0:00:07]} 11. Bd3 {[%emt 0:00:08]} Re8 {[%emt 0:00:07]} 12. a3 {[%emt 0:00:04]} Bf8 {[%emt 0:00:05]} 13. Bb1 {[%emt 0:00:08]} g6 {[%emt 0:00:04]} 14. Bg5 {[%emt 0:00:05]} Be7 {[%emt 0:01:05]} 15. Ba2 {[%emt 0:00:33]} Nh5 {[%emt 0:00:37]} 16. Bh6 {[%emt 0:00:37]} Ng7 {[%emt 0:00:20]} 17. Nd5 {[%emt 0:00:24]} Ne6 {[%emt 0:01:06]} 18. Nxe7+ {[%emt 0:00:06]} Nxe7 {[%emt 0:00:08]} 19. d5 {[%emt 0:00:16]} Kh8 {[%emt 0:05:02]} 20. dxe6 {[%emt 0:00:06]} fxe6 {[%emt 0:00:05]} 21. Bxe6 $18 {[%emt 0:00:28]} Ng8 {[%emt 0:00:28]} 22. Bxg8 {[%emt 0:00:15]} Kxg8 {[%emt 0:00:08]} 23. Bg5 {[%emt 0:00:13]} Qc8 {[%emt 0:00:16]} 24. Qd4 {[%emt 0:00:05]} Be6 {[%emt 0:00:17]} 25. Bh6 {[%emt 0:00:07]} Qd7 {[%emt 0:00:06]} 26. Ng5 {[%emt 0:00:03]} c5 {[%emt 0:00:21]} 27. Qc3 {[%emt 0:00:11]} a5 {[%emt 0:00:06]} 28. Nxe6 {[%emt 0:00:03]} Rxe6 {[%emt 0:00:07]} 29. Rad1 {[%emt 0:00:05]} Qe7 {[%emt 0:00:10]} 30. f3 {[%emt 0:00:13]} b4 {[%emt 0:00:05]} 31. Qc4 {[%emt 0:00:05]} Re8 {[%emt 0:00:46]} 32. Re2 {[%emt 0:00:04]} Kh8 {[%emt 0:00:33]} 33. Red2 {[%emt 0:00:08]} Qh4 {[%emt 0:00:19]} 34. Be3 {[%emt 0:00:07]} Qf6 {[%emt 0:00:56]} 35. Bf2 {[%emt 0:00:09]} Rd8 {[%emt 0:01:39]} 36. Bg3 {[%emt 0:00:08]} Qe7 {[%emt 0:00:50]} 37. e5 {[%emt 0:00:13]} bxa3 {[%emt 0:01:38]} 38. bxa3 {[%emt 0:00:05]} Rxe5 {[%emt 0:01:48]} 39. Bxe5+ {[%emt 0:00:05]} Qxe5 {[%emt 0:00:03]} 40. Qe4 {[%emt 0:00:07]} Qf6 {[%emt 0:00:29]} 41. Qc6 {[%emt 0:00:14]} Qc3 {[%emt 0:00:38]} 42. Rxd6 {[%emt 0:00:07]} Qe3+ {[%emt 0:00:13]} 43. Kh1 {[%emt 0:00:05]} Rxd6 {[%emt 0:00:07]} 44. Qxd6 {[%emt 0:00:03]} Kg7 {[%emt 0:00:15]} 45. Qd7+ {[%emt 0:00:04]} Kh6 {[%emt 0:00:04]} 46. Qg4 {[%emt 0:00:04]} Qe2 {[%emt 0:00:48]} 47. Qh4+ {[%emt 0:00:05]} Kg7 {[%emt 0:00:06]} 48. Re1 {[%emt 0:00:02]} Qb2 {[%emt 0:00:36]} 49. Qe7+ {[%emt 0:00:10]} Kh6 {[%emt 0:00:08]} 50. Qf8+ {[%emt 0:00:02]} Kh5 {[%emt 0:00:11]} 51. g4+ {[%emt 0:00:42]} Kh4 {[%emt 0:00:09]} 52. Qh6+ {[%emt 0:00:03]} Kg3 {[%emt 0:00:06]} 53. Rg1+ {[%emt 0:00:02]} Kxf3 {[%emt 0:00:09]} 54. Qf8+ {[%emt 0:00:07]} Ke4 {[%emt 0:00:12]} 55. Qe7+ {[%emt 0:00:11]} Kd5 {[%emt 0:00:05]} 56. Rd1+ {[%emt 0:00:08]} Kc4 {[%emt 0:00:07]} 57. Qe6+ {[%emt 0:00:04]} Kb5 {[%emt 0:00:06]} 58. Qd7+ {[%emt 0:00:06]} Kc4 {[%emt 0:00:07]} 59. Qd3# {[%emt 0:00:03]} 1-0

[Event "African Online-ch Open 2021"]
[Site "Online"]
[Date "2021.02.01"]
[Round "5.23"]
[White "Ebersohn, Raymond Gerhard"]
[Black "Strovsky, Mikhail"]
[Result "0-1"]
[WhiteElo "1726"]
[BlackElo "2164"]
[Annotator "TA"]
[PlyCount "166"]
[EventDate "2021.02.01"]
[EventType "swiss"]
[EventCountry "NET"]
[SourceTitle "playchess.com"]
[Source "ChessBase"]
[SourceQuality "1"]

{[%evp 11,166,39,35,-9,-8,-6,0,-6,0,0,0,0,0,-6,-4,0,9,-3,2,-9,8,4,5,6,2,5,44,41,35,35,25,15,15,1,11,8,7,4,10,7,9,6,6,8,8,6,13,14,10,0,0,0,0,0,0,0,0,0,0,0,0,0,0,0,0,0,8,0,0,0,0,0,9,8,18,12,148,25,147,8,8,0,0,0,8,0,0,0,325,20,21,0,8,0,0,0,0,0,0,0,0,0,0,0,0,0,8,8,8,0,0,0,0,0,0,0,0,0,8,0,0,0,0,0,0,0,0,0,0,0,0,0,0,0,0,0,0,0,0,0,0,0,0,0,0,-388,-348,-2639,-2659,-12253,-11437,-29967,-29966,-29989,-29990,-29994,-29995]} 1. d4 d5 2. c4 e6 3. Nc3 c5 4. cxd5 cxd4 5. Qxd4 Nc6 6. Qd1 exd5 7. e4 {D32: Tarrasch Defence: Sidelines and lines without g3.} (7. Qxd5 {with more complications.} Qc7 8. Qe4+ Be6 9. Nf3 Nf6 10. Qa4) 7... dxe4 8. Qxd8+ Nxd8 9. Nxe4 {[#] The position is equal.} Nc6 $146 ({Predecessor:} 9... Bb4+ 10. Bd2 Bxd2+ 11. Kxd2 Ke7 12. Nf3 Ne6 13. Bc4 Nf6 14. Rhe1 Rd8+ {½-½ (14) Hochreiner,J (1840)-Hadlich,W (1942) Pinneberg 2012}) 10. Nf3 Be7 11. Bb5 (11. Bc4 {with more complications.} Nf6 12. Nc3 O-O 13. O-O Bg4 14. Be3) 11... Nf6 12. Nc3 O-O 13. O-O Bg4 14. Be2 Bc5 15. h3 Bh5 16. Bg5 Rfe8 17. Rac1 Bb4 18. Bd1 {Threatening Bxf6.} Ne4 19. Nxe4 Rxe4 20. a3 Be7 21. Bxe7 Rxe7 22. Rc3 Rd8 23. g4 Bg6 24. Ba4 Be4 25. Re1 Bxf3 26. Rxe7 Nxe7 27. Rxf3 $11 {[%mdl 4096] Endgame KRB-KRN} Kf8 28. Rc3 Nd5 29. Rd3 Ke7 30. Bb3 Nf4 31. Rxd8 Kxd8 32. Bxf7 Nxh3+ {KB-KN} 33. Kg2 Nf4+ 34. Kf3 Nd3 {Strongly threatening ...Ne5+.} 35. Bg8 h6 36. b3 Ke7 37. Bd5 b6 38. Ke3 Kd6 39. Bg8 (39. Bc4 {keeps more tension.} Ne5 40. Be2 a5 41. f4 Nc6 42. Ke4) 39... Ne5 40. Kf4 Ng6+ 41. Ke4 Ne7 42. Bc4 g6 43. Bf7 a6 (43... g5 $11) 44. f3 (44. f4 $16) 44... a5 {[#]} (44... g5 $1 $11) 45. a4 (45. f4 $1 $16) 45... g5 46. Kd4 Nc6+ 47. Ke4 Ne7 48. Be8 Ke6 49. Bb5 Kf6 $2 {[%mdl 8192] [#]} (49... Kd6 $11 {and Black is okay.}) 50. Bd7 $2 ({White must play} 50. Bc4 $1 $18) 50... Ng6 $1 51. Bc8 Ne7 52. Bb7 Ke6 53. Ba6 Kd6 54. Bc4 Ng6 55. Kf5 Ne5 56. Be2 Nc6 {...Nd4+ is the strong threat.} 57. Kg6 Nd4 58. Bd1 Ke6 59. Kxh6 Kf6 60. Kh5 Ne6 61. Kh6 Nf4 62. Bc2 Ne2 63. Kh7 Kf7 64. Be4 Nd4 65. Bd5+ Kf6 {And now ...Ke5 would win.} 66. Kh6 Ne2 67. Bc4 Nf4 68. Kh7 Ng6 69. Kg8 Ne5 70. Bd5 Nd7 71. Be4 Nc5 $1 {[%cal Rc5b3]} 72. Bc2 Ne6 73. Bd1 Kg6 74. Bc2+ Kf6 75. Be4 Nc5 76. Bd5 Ke5 77. Bc4 Kf4 78. Kg7 $2 {[%mdl 8192]} (78. Bd5 $11 {and White stays safe.}) 78... Kxf3 $19 79. Kg6 $2 (79. Kf6 Kxg4 80. Ke5) 79... Kxg4 80. Be2+ Kf4 81. Bd1 g4 {Black mates.} 82. Kh5 g3 83. Kh4 g2 {Weighted Error Value: White=0.23/Black=0.24} 0-1

[Event "African Online-ch Open 2021"]
[Site "Online"]
[Date "2021.02.01"]
[Round "6.1"]
[White "Rakotomaharo, Fy Antenaina"]
[Black "Adly, Ahmed"]
[Result "0-1"]
[WhiteElo "2422"]
[BlackElo "2615"]
[Annotator "TA"]
[PlyCount "74"]
[EventDate "2021.02.01"]
[EventType "swiss"]
[EventCountry "NET"]
[SourceTitle "playchess.com"]
[Source "ChessBase"]
[SourceQuality "1"]

{[%evp 9,74,-12,13,-3,10,0,33,29,29,35,42,34,41,31,72,0,-1,-9,-11,-19,21,4,25,0,15,3,17,0,34,-19,-24,-56,-15,-18,0,0,0,0,7,0,0,0,0,0,0,-66,-66,-66,-66,-59,-53,-95,-61,-79,-66,-95,-98,-197,-191,-193,-187,-289,-288,-886,-886,-967,-957]} 1. e4 c6 2. Nf3 d5 3. d3 dxe4 4. dxe4 Qxd1+ 5. Kxd1 g6 6. a4 {B10: Caro-Kann: 2 d3 and 2 c4.} Bg7 {[#]} 7. a5 $146 ({Predecessor:} 7. c3 f5 8. Bd3 fxe4 9. Bxe4 Nf6 10. Bc2 Bf5 11. Bxf5 gxf5 12. Nd4 Ne4 13. Nxf5 Nxf2+ {½-½ (60) So,W (2770)-Abdusattorov,N (2627) Chess.com INT 2020}) 7... f5 8. Nbd2 {White is slightly better.} Nf6 9. Bd3 fxe4 10. Nxe4 Nxe4 11. Bxe4 Na6 12. Re1 (12. c3 $16) 12... Nc5 $11 13. a6 Nxe4 14. Rxe4 bxa6 15. Bg5 O-O 16. Kc1 Rb8 17. c3 Rb5 {aiming for ...Rxf3!} 18. h4 (18. Rxe7 $2 {[#]} Rxf3 $1 19. gxf3 Rxg5 $17) ({Much worse is} 18. Bxe7 Re8 $15) 18... e5 19. Raa4 (19. Rc4 $14) 19... Bf5 20. Rec4 Rfb8 21. b4 a5 22. Rxa5 Rxa5 23. bxa5 Rb1+ 24. Kd2 Rb5 25. Rxc6 Rxa5 26. Ke3 Bf8 27. Nd2 (27. Kd2 $11) 27... Rc5 $15 28. Rxc5 Bxc5+ {[%mdl 4096] Endgame KBB-KBN} 29. Ke2 a5 {[%cal Ba7a5,Ba5a4,Ba4a3,Ba3a2][%mdl 32]} 30. Bf6 e4 31. Nb3 Bb6 32. Bd4 {[#]} a4 $1 33. Nc5 (33. Na1 $17 Bd8 34. g3) 33... a3 $19 {Hoping for ...Bxc5.} 34. Nb3 Bd8 35. Kd2 (35. g3 {was worth a try.}) 35... Be6 ({Not} 35... Bxh4 36. c4 $17) 36. Nc5 {[#]} (36. c4 Bxc4 37. Kc3) 36... a2 $1 37. c4 {[#]} (37. Nxe6 Ba5) 37... Bb6 $1 {Weighted Error Value: White=0.44/Black=0.10} 0-1

[Event "African Online-ch Open 2021"]
[Site "Online"]
[Date "2021.02.01"]
[Round "6.2"]
[White "Amin, Bassem"]
[Black "Wanyama, Harold"]
[Result "1-0"]
[WhiteElo "2693"]
[BlackElo "2312"]
[Annotator "TA"]
[PlyCount "83"]
[EventDate "2021.02.01"]
[EventType "swiss"]
[EventCountry "NET"]
[SourceTitle "playchess.com"]
[Source "ChessBase"]
[SourceQuality "1"]

{[%evp 17,83,-2,0,-4,25,22,25,31,33,39,39,41,54,48,51,63,63,57,83,69,116,92,108,109,107,99,106,90,89,70,73,0,71,81,110,110,702,702,702,702,1078,1051,917,34,38,-238,44,69,66,64,425,252,245,256,244,159,157,0,397,323,304,0,425,416,726,701,29981,12841]} 1. e4 c5 2. Nf3 d6 3. g3 g6 4. Bg2 Bg7 5. O-O Nc6 6. c3 e5 7. d3 Nge7 8. a3 O-O 9. b4 b6 10. Bb2 {A04: Unusual lines after 1 Nf3 and King's Indian Attack.} h6 11. b5 Na5 12. c4 {White has an edge.} Be6 13. Nfd2 {[#]} a6 $146 ({Predecessor:} 13... Qd7 14. Nc3 Rae8 15. a4 f5 16. f3 h5 17. Nb3 fxe4 18. fxe4 Rxf1+ 19. Bxf1 Bh6 {½-½ (29) Popovic,M (2264)-Atakisi,U (2390) Paracin 2018}) 14. a4 Ra7 15. Nc3 f5 16. exf5 gxf5 17. Qe2 Re8 18. Rfb1 d5 19. cxd5 Nxd5 20. Nxd5 Bxd5 21. Bxd5+ Qxd5 22. Bc3 axb5 23. axb5 e4 {[#]} 24. Qh5 $1 Bxc3 (24... Qf7 $11 {remains equal.} 25. Qxf7+ Rxf7 26. Bxg7 Kxg7 27. dxe4 Rd7) 25. Qxe8+ $16 {[%mdl 64] Double Attack} Kg7 26. dxe4 Qxd2 {[%mdl 8192]} (26... Qd7 $16 27. Qxd7+ Rxd7 28. Rxa5 Bxa5) 27. Rd1 $1 $18 {[%cal Rd1d2]} Qg5 {[#]} 28. Rd8 $1 {[%mdl 512]} Kh7 (28... Qxd8 29. Qxd8) 29. Rad1 Qg6 30. Qf8 $2 ({White must play} 30. R1d7+ $18 Rxd7 31. Qxd7+ {[%mdl 64] Double Attack} Bg7 32. exf5) 30... Qf7 $1 $14 31. Qd6 {[%mdl 8192]} (31. exf5 $14 {keeps the upper hand.} Bd4 32. Qxf7+ Rxf7 33. Rd6) 31... Nc4 $2 ({Inferior is} 31... fxe4 32. Qxb6 Rc7 33. Rf8 $1 $18 (33. R1d6 Nc4 $16)) (31... Nb7 $19 32. Qf4 Nxd8 33. Rxd8 fxe4 34. Qxe4+ Qg6) 32. Qc6 Bd4 {White must now prevent ...f4.} 33. exf5 $40 {[%mdl 128] White attacks.} Qxf5 $2 {[%mdl 8192]} ({Better is} 33... Re7 $14) 34. R8xd4 (34. R1xd4 $142 cxd4 35. Qxc4) 34... cxd4 $18 35. Qxc4 $14 {[%mdl 4096] Endgame KQR-KQR} Rd7 36. Qc6 d3 37. Qxb6 $2 (37. Rd2 $16) 37... d2 $2 {[%mdl 8192]} (37... Qf3 $1 $11 38. Qe6 Qxd1+ 39. Kg2 Ra7) 38. Qc6 Qd3 {[#] intending ...Re7.} 39. Kg2 $2 (39. Qc5 $1 $18) 39... Re7 $2 {[%mdl 8192]} (39... Rf7 $1 $11 {and Black has nothing to worry.}) 40. Qf3 $18 Qc2 (40... Qxf3+ $142 41. Kxf3 Rd7) 41. b6 Re1 {[#]} 42. b7 $1 {[%mdl 512] Weighted Error Value: White=0.65/Black=1.20} 1-0

[Event "African Online-ch Open 2021"]
[Site "Online"]
[Date "2021.02.01"]
[Round "6.3"]
[White "Oatlhotse, Providence"]
[Black "Paiva, Donaldo"]
[Result "1/2-1/2"]
[WhiteElo "2190"]
[BlackElo "2230"]
[Annotator "TA"]
[PlyCount "86"]
[EventDate "2021.02.01"]
[EventType "swiss"]
[EventCountry "NET"]
[SourceTitle "playchess.com"]
[Source "ChessBase"]
[SourceQuality "1"]

{[%evp 19,86,14,35,14,14,13,15,10,30,22,20,0,0,0,4,0,0,0,0,0,0,0,0,0,4,0,0,0,0,0,4,2,32,0,0,0,6,6,7,0,0,0,0,0,6,0,0,0,7,7,8,9,13,7,7,7,7,9,10,0,0,0,0,0,4,0,0,0,0]} 1. c4 c5 2. g3 Nc6 3. Bg2 g6 4. Nc3 Bg7 5. Nf3 e6 6. e3 Nge7 7. d4 cxd4 8. Nxd4 Nxd4 9. exd4 d5 10. cxd5 Nxd5 11. Nxd5 {A36: Symmetrical English vs ...g6: 4 Bg2 Bg7.} exd5 12. Qa4+ Bd7 13. Qa3 Qe7+ 14. Qxe7+ Kxe7 15. Bxd5 Bxd4 16. O-O Be6 17. Re1 Rhd8 18. Bxe6 fxe6 19. Re2 Rac8 20. Bf4 Rc6 21. Kg2 Bf6 22. Rae1 Rd5 23. h4 a6 24. b3 {[#]} Rdc5 $146 ({Predecessor:} 24... Kf7 25. Re4 Rd4 26. R4e3 Rd5 27. R1e2 Ke7 28. Re4 Kf7 29. Bh6 Rh5 30. Bd2 Rd5 {½-½ (43) Dvoirys,S (2549)-Gubajdullin,A (2504) Moscow 2008}) 25. Re4 Rc2 26. R1e2 (26. a4 {is interesting.} b5 27. axb5 axb5 28. Rd1 R2c3 29. Rb4) 26... Rxe2 {The position is equal.} 27. Rxe2 $11 {[%mdl 4096] Endgame KRB-KRB} Rc3 28. Bd2 Rd3 29. Bb4+ Kd7 30. Rc2 Be5 31. Kf1 Bd6 32. Be1 Rd1 33. Ke2 Ra1 34. Bc3 Rh1 35. Bd4 Rb1 36. Kf3 Rd1 37. Ke4 Re1+ 38. Be3 Rd1 39. Rd2 (39. Bd2 {looks sharper.} Bc5 40. Bf4 Bb6 41. Be5 Re1+ 42. Kf4) 39... Rxd2 40. Bxd2 Bc5 41. Be1 Ke7 42. g4 h5 43. f3 Bd6 {Not much happened in this game. Accuracy: White = 97%, Black = 96%.} 1/2-1/2

[Event "African Online-ch Open 2021"]
[Site "Online"]
[Date "2021.02.01"]
[Round "6.4"]
[White "Simoes, Joao"]
[Black "Bellahcene, Bilel"]
[Result "0-1"]
[WhiteElo "2228"]
[BlackElo "2510"]
[Annotator "TA"]
[PlyCount "172"]
[EventDate "2021.02.01"]
[EventType "swiss"]
[EventCountry "NET"]
[SourceTitle "playchess.com"]
[Source "ChessBase"]
[SourceQuality "1"]

{[%evp 15,172,10,23,26,29,0,0,5,20,19,24,16,20,18,20,20,23,18,20,23,22,23,22,31,23,15,28,7,26,-12,37,25,31,-87,-76,-89,-70,-132,-123,-212,-189,-228,-222,-285,-280,-280,-217,-237,-190,-233,-191,-246,-241,-297,-293,-285,-283,-303,-302,-316,-314,-377,-368,-365,-365,-324,-259,-281,-279,-351,-351,-350,-336,-350,-347,-341,-336,-314,-265,-341,-313,-365,-365,-368,-375,-462,-439,-543,-541,-518,-510,-29972,-1851,-1226,-1219,-29992,-29990,-29991,-29991,-29991,-29992,-29992,-29980,-29980,-29981,-29981,-29978,-29979,-29980,-29980,-29981,-29981,-29981,-29982,-29983,-29984,-29983,-29985,-29986,-29989,-29988,-29989,-29989,-29990,-29990,-29990,-29989,-29989,-29985,-29985,-29986,-29986,-29987,-29987,-29988,-29989,-29990,-29990,-29989,-29989,-29986,-29986,-29986,-29987,-29986,-29988,-29989,-29990,-29991,-29991,-29991,-29992,-29992,-29992,-29993,-29994,-29993,-29997,-29998]} 1. d4 Nf6 2. c4 e6 3. Nf3 Bb4+ 4. Bd2 a5 5. g3 b6 6. Bg2 Bb7 7. O-O O-O 8. Bg5 Be7 9. Bxf6 {E16: Queen's Indian: 4 g3 Bb7 5 Bg2 Bb4+.} Bxf6 10. Qc2 Nc6 11. Rd1 {[#] The position is equal.} d6 $146 ({Predecessor:} 11... Nb4 12. Qd2 d6 13. a3 Na6 14. Nc3 Re8 15. e4 e5 16. d5 Nc5 17. Qc2 a4 {½-½ (31) Niksic,J (2125)-Remedios,R Vancouver 2000}) 12. Nc3 g6 13. a3 Ne7 14. e4 Bg7 15. Rac1 Qd7 16. b3 h6 17. Re1 g5 18. h3 f5 19. e5 Rae8 20. exd6 cxd6 21. Rcd1 Ng6 22. Rd2 Qf7 23. Nb5 Rd8 24. Rde2 {[#]} (24. a4 $14 {keeps the upper hand.}) 24... e5 $1 $17 {White is on the road to losing.} 25. d5 Ba6 26. Nd2 {[#]} ({Better is} 26. Qd1 $15) 26... e4 $1 27. Nxe4 (27. a4 $17) 27... Bxb5 28. cxb5 {and if Nd2 works, White does fine.} fxe4 29. Bxe4 Ne5 30. Re3 Kh8 31. Qe2 Qd7 32. Kg2 Rf6 33. Rf1 (33. Rc1 {was called for.}) 33... Rdf8 $19 34. Bb1 Qf7 35. Qc2 {[%csl Gb1][%cal Rc2h7]} Qxd5+ 36. Kg1 {[%csl Gb1][%cal Rc2h7]} Qg8 37. Qd1 Rf3 38. Be4 Rxe3 39. fxe3 Rxf1+ 40. Kxf1 Qf8+ 41. Kg2 Nd7 42. b4 axb4 43. axb4 Nf6 44. Bf3 Qe7 45. Qd4 Nd7 46. Qd3 Bf8 47. Bd1 Nf6 48. Bf3 Qe5 49. Qg6 Bg7 50. Qd3 d5 51. Qc2 Ne4 52. Qc8+ Kh7 53. Kf1 (53. Qg4 $19) 53... Nxg3+ (53... Qa1+ $142 54. Kg2 Qb2+ 55. Kh1 Nxg3+ 56. Kg1 Qb1+ 57. Kh2 Nf1+ 58. Kg2 Nxe3+ 59. Kf2 Nf5 60. Qc7 Qd3 61. Qf7 Qe3+ 62. Kg2 Nh4+ 63. Kf1 Nxf3 64. Qf5+ Kg8 65. Qxd5+ Kh8 66. Qd8+ Kh7 67. Qd1 Bd4 68. Qc2+ Kg7 69. Qc7+ Kg6 70. Qd6+ Kh5 71. Qxd4 Nxd4 {[%mdl 64] Discovered Attack} 72. h4 Qe2+ {[%mdl 64] Double Attack} 73. Kg1 Nf3+ {[%mdl 64] Double Attack} 74. Kh1 Qh2#) 54. Kf2 Nf5 55. e4 dxe4 {Black mates.} 56. Bg4 Qg3+ 57. Ke2 Qd3+ {[%mdl 64] Double Attack} 58. Ke1 Qc3+ 59. Qxc3 Bxc3+ 60. Ke2 Nd6 61. Bd7 Bxb4 62. Ke3 Bc5+ 63. Ke2 Kg7 64. Bc6 Kf6 65. Bd7 Ke5 66. Bc6 Nf5 67. Bd7 Ng3+ 68. Ke1 Kd4 69. Bg4 e3 70. Kd1 Bb4 71. Bf3 e2+ 72. Bxe2 Nxe2 73. Kxe2 {[%mdl 4096] Endgame KB-KPP} Ke4 74. Kf2 Kf4 75. Kg2 h5 76. Kf2 Bc5+ 77. Kg2 h4 78. Kh2 Kf3 79. Kh1 Bd6 80. Kg1 Kg3 81. Kh1 Kxh3 82. Kg1 g4 83. Kh1 g3 84. Kg1 Kg4 85. Kg2 h3+ 86. Kh1 g2+ {Weighted Error Value: White=0.46/Black=0.21} 0-1

[Event "African Online-ch Open 2021"]
[Site "Online"]
[Date "2021.02.01"]
[Round "6.5"]
[White "Beukes, Dante M"]
[Black "Silva, David"]
[Result "0-1"]
[WhiteElo "2206"]
[BlackElo "2258"]
[Annotator "TA"]
[PlyCount "74"]
[EventDate "2021.02.01"]
[EventType "swiss"]
[EventCountry "NET"]
[SourceTitle "playchess.com"]
[Source "ChessBase"]
[SourceQuality "1"]

{[%evp 13,74,13,12,21,71,10,15,3,31,26,19,-10,0,-5,-5,-10,27,0,0,-15,-12,-15,-13,-37,-21,-20,-30,-21,-22,-28,-27,-39,-31,-31,-31,-31,-32,-34,-15,-6,0,0,0,0,0,0,0,0,26,0,0,0,0,0,0,0,0,0,0,-21,0,0,0]} 1. e4 c5 2. Nf3 e6 3. d4 cxd4 4. Nxd4 Nc6 5. Nc3 Nf6 6. g3 Bb4 7. Bg2 O-O {7...d5 is vanishing.} 8. O-O {B45: Sicilian Four Knights.} a6 {8...d6 is the modern continuation.} 9. Bg5 (9. Nxc6 $16 dxc6 10. Qxd8 Rxd8 11. e5) 9... h6 10. Be3 Qc7 {[#]} 11. Nxc6 $146 ({Predecessor:} 11. Nce2 Rd8 12. c3 Bf8 13. b4 Ne5 14. Bf4 d6 15. Qb3 Nc4 16. Nc2 e5 17. Be3 {0-1 (69) Rajnai,I (1982)-Szabo,P (2056) Hungary 2005}) 11... dxc6 12. Qf3 Be7 13. Rfd1 e5 {[#] aiming for ...Bg4.} 14. h3 Nh7 15. a4 a5 16. Kh2 Ng5 17. Qe2 Ne6 18. Nb1 {[%cal Bc3b1,Bb1d2,Bd2f3][%mdl 32]} b6 19. Nd2 Bc5 20. Nf3 Ba6 21. Qe1 Rfd8 22. Qc3 Rxd1 23. Rxd1 Be2 24. Ra1 Bxf3 25. Bxf3 Bd4 26. Bxd4 exd4 27. Qc4 Rd8 28. Rd1 c5 29. Bg2 h5 30. h4 Re8 31. Qd5 g6 {The position is equal.} 32. b3 Nd8 33. f4 Nc6 34. Rf1 Nb4 35. Qc4 Rd8 36. Rf3 Kg7 37. Qe2 Qd7 {[%mdl 32768] Weighted Error Value: White=0.10/Black=0.08. Loss on time!?} 0-1

[Event "African Online-ch Open 2021"]
[Site "Online"]
[Date "2021.02.01"]
[Round "6.6"]
[White "Ortega Amarelle, Mariano"]
[Black "Alberto, Manuel"]
[Result "1-0"]
[WhiteElo "2463"]
[BlackElo "2167"]
[Annotator "TA"]
[PlyCount "101"]
[EventDate "2021.02.01"]
[EventType "swiss"]
[EventCountry "NET"]
[SourceTitle "playchess.com"]
[Source "ChessBase"]
[SourceQuality "1"]

{[%evp 10,101,25,5,26,18,18,-9,-9,-21,0,0,3,-8,33,40,61,54,29,8,25,18,24,33,78,79,112,119,124,121,150,156,197,119,271,259,268,266,259,187,227,154,163,77,177,165,155,135,247,227,281,271,284,286,287,285,540,525,560,541,526,558,678,672,675,667,706,699,801,701,952,773,782,772,778,443,443,440,436,436,769,769,769,769,763,429,745,679,29985,29986,29989,29990,29990,29991]} 1. d4 Nf6 2. Nf3 e6 3. c4 d5 4. g3 dxc4 5. Bg2 Bb4+ 6. Bd2 c5 {E04: Open Catalan: 5 Nf3.} 7. dxc5 Bxc5 8. Qa4+ (8. Na3 {looks sharper.} Bd7 9. Nxc4 Bc6 10. Rc1 Nbd7 11. O-O) 8... Nbd7 {The position is equal.} 9. O-O O-O 10. Qxc4 a6 {[#]} 11. Qc2 $146 ({Predecessor:} 11. e4 b5 12. Qc2 Bb7 13. e5 Bxf3 14. Bxf3 Nxe5 15. Bg2 Rc8 16. Qb3 Nd3 17. Bg5 Nxf2 18. Rxf2 Bxf2+ 19. Kxf2 Ng4+ 20. Ke2 Qxg5 21. Nd2 Rc2 22. Rd1 Rd8 {0-1 (22) Barbosa,O (2518)-Grover,S (2467) chess.com INT 2017}) 11... h6 12. Nc3 Qe7 13. Rac1 Re8 14. a3 e5 15. Nh4 e4 {Black wants to play ...Qe6.} 16. Nf5 Qe5 {[#]} 17. Bh3 {Bf4 is the strong threat.} Bf8 18. Bf4 Qc5 19. b4 $36 {[%mdl 2048] White has strong initiative.} Qc6 20. Nd4 Qc4 21. Qd2 ({White should try} 21. Qd1 $18) 21... Nb6 $2 {[#]} (21... Ne5 $16 22. Bxc8 Qxc8) 22. Na4 $1 {[%mdl 512]} Qxc1 23. Rxc1 Nxa4 24. Bg2 Bd7 25. Rc7 b5 26. Qc2 (26. f3 $18 {and White stays clearly on top.}) 26... Rad8 (26... Nb6 $16) 27. h4 Nb6 28. Nc6 Bxc6 (28... Ra8 $16 {is a better defense.}) 29. Rxc6 $18 ({Don't take} 29. Qxc6 $6 Nbd5 $16) 29... Nbd5 30. Bc1 ({Much less strong is} 30. Rxa6 Nxf4 31. gxf4 Rc8 $18) 30... Ra8 31. Bb2 a5 32. bxa5 b4 $2 (32... Rxa5 33. Rc8 Rxc8 34. Qxc8 Ra7) 33. Bxf6 {[%mdl 64] Overworked Piece} Nxf6 34. axb4 Bxb4 35. a6 Rad8 36. Bh3 e3 37. f4 Ne4 38. a7 Nxg3 39. Kg2 Nh5 40. Bc8 Nxf4+ 41. Kf3 Ng6 42. Rxg6 Rxc8 43. Rc6 Ra8 44. Rc7 Ba5 (44... Rf8 $142 45. Qd3 (45. Kxe3 Ba5 $16) 45... Rad8) 45. Rb7 Bd8 46. Qc4 Rf8 47. Qd5 Bxh4 (47... Bb6 $142 48. Rxb6 Rxa7) 48. Kg4 Bg5 {[#]} 49. Rxf7 $1 {[%mdl 512] White mates.} Kh8 (49... Rxf7 50. Qxa8+) 50. Rxf8+ Rxf8 51. a8=Q {Weighted Error Value: White=0.34/Black=0.58} 1-0